000
00220 a2200097 4500
001
45296
100
_a
Haddon J.D
245
_a
A simple study of flight
260
_a
London
_b
Sir ISAAC pitman
_c
090
_c
28478
_d
28478
942
_a
NUST-CAE
_c
M
_c
20533
999
_c
280369
_d
280369